<?xml version="1.0" encoding="UTF-8"?><OAI-PMH xmlns="http://www.openarchives.org/OAI/2.0/" xmlns:xsi="http://www.w3.org/2001/XMLSchema-instance"     xsi:schemaLocation="http://www.openarchives.org/OAI/2.0/ http://www.openarchives.org/OAI/2.0/OAI-PMH.xsd"><responseDate>2026-05-17T11:00:52Z</responseDate><request verb="GetRecord" identifier="oai:regmurcia.com:fintegr.1440" metadataPrefix="marc21">http://oai.regmurcia.com/oai2/oai2.php</request><GetRecord><record><header><identifier>oai:regmurcia.com:fintegr.1440</identifier><datestamp>2026-05-17</datestamp><setSpec>documentos</setSpec></header><metadata><record  xmlns="http://www.loc.gov/MARC21/slim" xmlns:xsi="http://www.w3.org/2001/XMLSchema-instance" xsi:schemaLocation="http://www.loc.gov/MARC21/slim http://www.loc.gov/standards/marcxml/schema/MARC21slim.xsd" type="Bibliographic"><leader>00000nam a2200000   4500</leader><controlfield tag="001" >005078058</controlfield><controlfield tag="003" >1440</controlfield><controlfield tag="004" >A00000000</controlfield><datafield tag="245" ind1=" " ind2=" "><subfield code="a">Carta del concejo de Jumilla al concejo de Murcia, aclarando lo que toman de cada carreta que pasaba por un carril que habían hecho nuevo y solicitando que permitesen llevar pescado a Jumilla sin pasar por Murcia.</subfield></datafield><datafield tag="300" ind1=" " ind2=" "><subfield code="c">212 x 299 mm.</subfield></datafield><datafield tag="351" ind1=" " ind2=" "><subfield code="a">Unidad Documental</subfield><subfield code="c">Archivo de Murcia. Array</subfield><subfield code="a">Unidad Documental</subfield><subfield code="c">Archivo de Murcia. Array</subfield></datafield><datafield tag="351" ind1=" " ind2=" "><subfield code="b">Nº 37</subfield></datafield><datafield tag="506" ind1=" " ind2=" "><subfield code="a">Acceso restringido</subfield></datafield><datafield tag="520" ind1=" " ind2=" "><subfield code="a">El concejo de Jumilla responde a la carta del concejo de Murcia que exponía las quejas de los carreteros que pasaban por un carril que se había hecho nuevo, pues les tomaban trigo de la carretas y se lo pagaban a menor precio de lo que valía. Dicen que sólo tomaban una fanega de cada carreta y lo pagaban a 33 maravedíes de tres blancas, pero  a partir de ese momento  lo pagarían al precio que se pagaba en Murcia.&lt;/br&gt; Solicitan que se permita a Pedro Martíez Tobarra y a Marco Román, vecinos suyos, llevar pescado para abastecer Jumilla sin tener que pasar por Murcia, porque allí les obligaban a venderlo.</subfield></datafield><datafield tag="583" ind1=" " ind2=" "><subfield code="u">http://www.regmurcia.com/servlet/s.Sl?METHOD=VERDOCUMENTO&amp;sit=serv,Carmesi&amp;n=/01/1822/indice.djvu</subfield></datafield><datafield tag="592" ind1=" " ind2=" "><subfield code="a">1432-09-23</subfield></datafield><datafield tag="592" ind1=" " ind2=" "><subfield code="d">1432-09-23 00:00:00</subfield></datafield><datafield tag="651" ind1=" " ind2=" "><subfield code="a">Jumilla</subfield></datafield><datafield tag="786" ind1=" " ind2=" "><subfield code="o">http://www.regmurcia.com/servlet/s.Sl?METHOD=VERDOCUMENTO&amp;sit=serv,Carmesi&amp;n=/01/1822/indice.djvu</subfield></datafield><datafield tag="856" ind1=" " ind2=" "><subfield code="u">http://www.regmurcia.com/servlet/s.Sl?METHOD=DETALLE&amp;sit=c,373,m,139,serv,Carmesi&amp;id=1440</subfield></datafield></record></metadata></record></GetRecord></OAI-PMH>
